नये आयामों को तलाशती नारी / (Record no. 120898)
[ view plain ]
| 000 -LEADER | |
|---|---|
| fixed length control field | 01329nam a22002657a 4500 |
| 005 - DATE AND TIME OF LATEST TRANSACTION | |
| control field | 20170124103204.0 |
| 010 ## - LIBRARY OF CONGRESS CONTROL NUMBER | |
| LC control number | B-157977 |
| 020 ## - INTERNATIONAL STANDARD BOOK NUMBER | |
| Terms of availability | 160.00 |
| 035 ## - SYSTEM CONTROL NUMBER | |
| System control number | B-157977 |
| 037 ## - SOURCE OF ACQUISITION | |
| Source of stock number/acquisition | Cen Lib/Ret |
| 040 ## - CATALOGING SOURCE | |
| Original cataloging agency | DPL |
| Language of cataloging | HN |
| 082 ## - DEWEY DECIMAL CLASSIFICATION NUMBER | |
| Classification number | 305.4 |
| Item number | नयेआ |
| 245 ## - TITLE STATEMENT | |
| Title | नये आयामों को तलाशती नारी / |
| Statement of responsibility, etc | संपादक दिनेशनन्दिनी डालमिया [एवं] राशी मलहोत्रा |
| 246 ## - VARYING FORM OF TITLE | |
| Title proper/short title | Naye ayamon ki talashati nari / |
| Remainder of title | sampadak dineshnandini Damiya [evam] Rashmi Malhotra |
| 260 ## - PUBLICATION, DISTRIBUTION, ETC. (IMPRINT) | |
| Place of publication, distribution, etc | दिल्ली |
| Name of publisher, distributor, etc | नवचेतन प्रकाशन |
| Date of publication, distribution, etc | 2003 |
| 270 ## - ADDRESS | |
| City | दिल्ली |
| Address | जी-5, गली.न. 16, राजापुरी, उत्तम नगर |
| Postal code | 110059 |
| 300 ## - PHYSICAL DESCRIPTION | |
| Extent | 158पृ. |
| Dimensions | 21सेमी(सजिल्द ) |
| 650 ## - SUBJECT ADDED ENTRY--TOPICAL TERM | |
| Topical term or geographic name as entry element | सामाजिक समस्या |
| General subdivision | |
| Geographic subdivision | |
| 9 (RLIN) | 93301 |
| 650 ## - SUBJECT ADDED ENTRY--TOPICAL TERM | |
| Topical term or geographic name as entry element | सामाजिक समस्या -- नारी उत्थान |
| 9 (RLIN) | 93302 |
| 650 ## - SUBJECT ADDED ENTRY--TOPICAL TERM | |
| Topical term or geographic name as entry element | Social problem |
| 9 (RLIN) | 241 |
| 650 ## - SUBJECT ADDED ENTRY--TOPICAL TERM | |
| Topical term or geographic name as entry element | Social problem - female emancipation |
| 9 (RLIN) | 93303 |
| 700 ## - ADDED ENTRY--PERSONAL NAME | |
| Personal name | डालमिया, दिनेशनन्दिनी |
| 9 (RLIN) | 93304 |
| 700 ## - ADDED ENTRY--PERSONAL NAME | |
| Personal name | मलहोत्रा, रश्मि |
| 9 (RLIN) | 93305 |
| 942 ## - ADDED ENTRY ELEMENTS (KOHA) | |
| Source of classification or shelving scheme | Dewey Decimal Classification |
| Koha item type | Hindi Books |
| Classification part | 305.4 |
| Call number suffix | नयेआ |
| Withdrawn status | Lost status | Damaged status | Not for loan | Home library | Current library | Date acquired | Source of acquisition | Cost, normal purchase price | Total Checkouts | Full call number | Barcode | Date last seen | Date checked out | Copy number | Cost, replacement price | Price effective from | Koha item type |
|---|---|---|---|---|---|---|---|---|---|---|---|---|---|---|---|---|---|
| Central Library | Central Library | 29/09/2015 | Cen Lib/Ret | 160.00 | 1 | 305.4 नयेआ | B-157977 | 04/05/2017 | 21/04/2017 | 1 | 160.00 | 29/09/2015 | Hindi Books |
